000 00630nam a2200205Ia 4500
003 GCL
008 140319s9999 xx 000 0 ara d
040 _aGCL /
_cGCL
082 0 4 _a301.243
_bا ا
100 1 _aالسيد على شتا
245 1 0 _aاغتراب الانسان فى التنظيمات الصناعية /
_cالسيد على شتا
260 _a[S.N] :
_bمؤسسة شباب الجامعة
300 _a456 ص
490 _a
650 0 4 _aالاجتماع
650 0 4 _aعلم النفس الاجتماعى
650 0 4 _aالتغير الاجتماعى
650 0 4 _aالاغتراب
942 _2ddc
_cBK
999 _c34537
_d34537